| 000 | 00563cam a2200169 4500 | ||
|---|---|---|---|
| 001 | 000017657 | ||
| 005 | 20200929165202.0 | ||
| 008 | 701217s1946 ctu b 001 0 eng c | ||
| 040 |
_aDO-SdBNP _bspa _cBNPHU |
||
| 041 | 1 | 7 |
_aspa _hfre |
| 100 | 1 |
_aHazard, Paul, _d1878-1944. _99086 |
|
| 240 | 1 | 0 |
_aPensee europeenne au XVIIIeme siecle. _lEnglish |
| 245 | 1 | 0 |
_aLa pensée européenne au XVIIIème siècle : _bde Montesquieu a Lessing / _cPaul Hazard. |
| 260 |
_aParis : _bAncienne librairie furne, _c1946. |
||
| 300 |
_axx, 477 p. ; _c22 cm. |
||
| 500 | _aIncluye índice | ||
| 999 |
_c17182 _d17182 |
||